Переработка отходов производства, образующихся при аэрации воды; Материалы II Международной Казахстанско-Российской конференции по химии и химической технологии, посвященной 40-летию КарГУ имени академика Е. А. Букетова, 28 февраля – 2 марта 2012 г., Караганда; Т. 2

Detalles Bibliográficos
Parent link:Материалы II Международной Казахстанско-Российской конференции по химии и химической технологии, посвященной 40-летию КарГУ имени академика Е. А. Букетова, 28 февраля – 2 марта 2012 г., Караганда: в 2 т./ Карагандинский государственный университет ; Национальный исследовательский Томский политехнический университет (ТПУ) ; Институт химических наук им. А. Б. Бектурова.— , 2012
Т. 2.— 2012.— [С. 94-96]
Autor Principal: Якушева Ю. С.
Outros autores: Игашева В. П., Шевченко А. А.
Summary:Заглавие с титульного листа
Электронная версия печатной публикации
Вовлечение в производство вторичного сырья, а именно отходов производства, образующихся при аэрации артезианской воды, и получение из них сорбента, с помощью которого можно регенерировать отработанные минеральные масла. В качестве отходов использовали осадки, образующиеся при аэрации артезианской воды, прокаленные при 250 °С и 750 °С. Исследование физико-механических и физико-химических свойств исходных осадков и полученных гранул; выбор оптимального способа гранулирования.
Idioma:ruso
Publicado: 2012
Series:Секция 3. Экологические проблемы химической технологии и смежных областей
Subjects:
Acceso en liña:http://www.lib.tpu.ru/fulltext/v/Conferences/2011/C7/C7a16.pdf
Formato: Electrónico Capítulo de libro
KOHA link:https://koha.lib.tpu.ru/cgi-bin/koha/opac-detail.pl?biblionumber=217781

MARC

LEADER 00000naa2a2200000 4500
001 217781
005 20260126135228.0
035 |a (RuTPU)RU\TPU\book\237784 
035 |a RU\TPU\book\237686 
090 |a 217781 
100 |a 20120608d2012 k y0rusy50 ca 
101 0 |a rus 
102 |a KZ 
135 |a drnn ---uucaa 
181 0 |a i  
182 0 |a b 
200 1 |a Переработка отходов производства, образующихся при аэрации воды  |f Ю. С. Якушева, В. П. Игашева, А. А. Шевченко 
203 |a Текст  |c электронный 
215 |a 1 файл (135 Кб) 
225 1 |a Секция 3. Экологические проблемы химической технологии и смежных областей 
300 |a Заглавие с титульного листа 
300 |a Электронная версия печатной публикации 
330 |a Вовлечение в производство вторичного сырья, а именно отходов производства, образующихся при аэрации артезианской воды, и получение из них сорбента, с помощью которого можно регенерировать отработанные минеральные масла. В качестве отходов использовали осадки, образующиеся при аэрации артезианской воды, прокаленные при 250 °С и 750 °С. Исследование физико-механических и физико-химических свойств исходных осадков и полученных гранул; выбор оптимального способа гранулирования. 
337 |a Adobe Reader 
461 1 |0 (RuTPU)RU\TPU\book\237375  |t Материалы II Международной Казахстанско-Российской конференции по химии и химической технологии, посвященной 40-летию КарГУ имени академика Е. А. Букетова, 28 февраля – 2 марта 2012 г., Караганда  |o в 2 т.  |f Карагандинский государственный университет ; Национальный исследовательский Томский политехнический университет (ТПУ) ; Институт химических наук им. А. Б. Бектурова  |d 2012 
463 1 |0 (RuTPU)RU\TPU\book\237657  |t Т. 2  |v [С. 94-96]  |d 2012 
610 1 |a вторичное сырье 
610 1 |a отходы 
610 1 |a переработка 
610 1 |a артезианские воды 
610 1 |a аэрация 
610 1 |a осадки 
610 1 |a образование 
610 1 |a труды учёных ТПУ 
610 1 |a электронный ресурс 
700 1 |a Якушева  |b Ю. С. 
701 1 |a Игашева  |b В. П. 
701 1 |a Шевченко  |b А. А. 
801 1 |a RU  |b 63413507  |c 20120118 
801 2 |a RU  |b 63413507  |c 20130219  |g RCR 
856 4 |u http://www.lib.tpu.ru/fulltext/v/Conferences/2011/C7/C7a16.pdf 
942 |c CF